One Piece pour les noobs - Statistiques

Statistiques générales
  • Ce quiz a été pris 356 fois
  • Le résultat moyen est 10 sur 10
Statistiques - réponses
Question Réponse % Correct
Quelle est l'occupation des personnages principaux ? Pirates
100%
Qu'est-ce qui permet aux personnages d'acquérir des pouvoirs surnaturels ? Manger un fruit du démon
99%
Comment s'appelle le personnage principal ? Monkey D. Luffy
99%
Quel est le couvre-chef du personnage principal ?
98%
Quel est le pouvoir du personnage principal ? Son corps est en caoutchouc
98%
Sur quoi les personnages principaux se déplacent-ils ? Un navire
98%
Lequel de ces prénoms n'appartient à aucun des personnages principaux ? Frodon
97%
À quoi ressemble la carte de l'univers de One Piece ?
96%
Quelle est la caractéristique physique que le personnage principal ne possède pas ? Des yeux verrons
92%
Combien d'épisodes l'animé compte-il ? + de 1100
79%
Aucun quiz correspondant
Distribution des résultats
% des personnes avec chaque résultat
Percentile par nombre de réponses
Votre historique - résultats
Vous n’avez pas pris ce quiz